LEADER 01659nam a2200289 u 4500 001 000000041100 003 CaOOAMICUS 005 20070226114157.0 008 981007s1998 it u000 u ita u 020 $a8846500288 035 $a10805121 040 $aIPA$bita$dPUL(R) 100 1 $aFalchi, Gian Luigi,$d1946-2012.$0(OLS)http://pul/name/6734 245 10$aFragmenta iuris romani canonici :$bintroduzione allo studio della recezione del diritto romano nelle fonti del diritto canonico altomedievale /$cGian Luigi Falchi. 260 $aRoma :$bPontificia Università Lateranense :$bMursia,$c1998. 300 $a270 p. ;$c25 cm 490 1 $aStudia et documenta. Sectio Iuris Romani et Historiae Iuris ;$v3 500 $aComprende riferimenti bibliografici e indice. 650 4$aDiritto romano$xStoria$yEvo medio.$0(OLS)http://pul/subject/14374 650 4$aDiritto canonico$xStoria.$0(OLS)http://pul/subject/6162 830 0$aStudia et documenta (Pontificia Università lateranense. Pontificium Institutum Utriusque Iuris).$pSectio iuris romani et historiae iuris.$0(OLS)http://pul/title/55458 850 $aPUL 852 $aPUL$W1$xSL Diritto e Scienze Sociali 3$y79$m340. 54 COLL 1.2.3$j55732$nBK-PRI$b $qDDC 21$B55732$CPULBib$Z2$F55732 $HPUL77837 $81 941 1 $a9 996 $6020$a8846500288$9(OLS)http://pul/number/51146 996 $6245$aFragmenta iuris romani canonici :$bintroduzione allo studio della recezione del diritto romano nelle fonti del diritto canonico altomedievale$9(OLS)http://pul/title/55457 996 $6260$aRoma :$bPontificia Università Lateranense :$bMursia$9(OLS)http://pul/publisher/62146 LEADER 01525nam a2200361 a 4500 001 000000148165 003 CaOOAMICUS 005 20151215094332.0 008 151215s2015 it u000 u ita r 020 $a978-88-14205231* 032 $aLibriCat 040 $aPUL$bita 082 04$a348.45 110 1 $aItalia.$0(OLS)http://pul/name/1188 240 10$aCodice di procedura civile.$0(OLS)http://pul/title/53030 245 10$aCodice di procedura civile :$bannotato con la giurisprudenza /$cGiovanni Novelli, Stefano Petitti. 250 $a11. ed. 260 $aMilano :$bGiuffrè,$c2015. 300 $aXXXIII, 2391 p. ;$c25 cm. 490 1 $aPercorsi Giuffrè 500 $aContiene indice analitico. 630 04$aCodice di procedura civile$zItalia.$0(OLS)http://pul/subject/19975 700 1 $aPetitti, Stefano,$d1953-$0(OLS)http://pul/name/49373 700 1 $aNovelli, Giovanni,$d1942-$0(OLS)http://pul/name/28071 830 0$aPercorsi (Giuffrè).$0(OLS)http://pul/title/132978 850 $aPUL 852 $aPUL$W1$xDP2 Diritto e Scienze Sociali 3$y110$m348. 45 COD 5.17$j170911$qDDC 21$B172002$CPULBib$Z2$F172002 $H126771 $81 941 1 $a9 996 $6020$a978-88-14205231*$9(OLS)http://pul/number/159308 996 $6082$a348.45$9(OLS)http://pul/classification/373 996 $6245$aCodice di procedura civile :$bannotato con la giurisprudenza$9(OLS)http://pul/title/90421 996 $6260$aMilano :$bGiuffrè$9(OLS)http://pul/publisher/48401